| Поле | Инд. | ПП | Название | Значение |
|---|---|---|---|---|
| Тип записи | a | |||
| Библиографический уровень | b | |||
| 001 | Контрольный номер | RU/IS/BASE/329317513 | ||
| 005 | Дата корректировки | 20200526074501.0 | ||
| 008 | Кодируемые данные | 20100608 | ||
| 040 | b | Код языка каталог. | rus | |
| e | Правила каталог. | PSBO | ||
| 041 | 0_ | a | Код языка текста | rus |
| 084 | a | Индекс другой классификации/Индекс ББК | 74.023 | |
| 100 | 1_ | a | Автор | Киященко Н. И. |
| 245 | 10 | a | Заглавие | Эстетическое образование как способ формирования личности |
| b | Продолж. заглавия | (синергетический контекст) | ||
| 504 | a | Библиография | Библиогр.: с. 176 | |
| 650 | a | Основная рубрика | дидактика | |
| a | Основная рубрика | образование | ||
| 653 | a | Ключевые слова | гуманитаризация образования | |
| a | Ключевые слова | образовательный процесс | ||
| a | Ключевые слова | подготовка учителей | ||
| a | Ключевые слова | саморазвитие личности | ||
| a | Ключевые слова | синергетический подход | ||
| a | Ключевые слова | содержание образования | ||
| a | Ключевые слова | формирование личности | ||
| a | Ключевые слова | эстетическое образование | ||
| 773 | 08 | t | Заглавие источника | Вопросы философии |
| d | Дата издания источника | 2010 | ||
| g | Прочая информация | № 3. - С. 172 - 176 | ||
| w | Контрольный № источника | RU/IS/BASE/322678209 | ||
| 901 | t | Тип документа | b |